[Event "8th EUROPEAN INDIVIDUAL CHESS CHAMPIONSHIP"]
[Site "Dresden/Germany"]
[Date "2007.04.08"]
[Round "6.110"]
[White "Strohhaeker, Raoul"]
[Black "Jones, Gawain"]
[Result "0-1"]
[WhiteElo "2391"]
[BlackElo "2518"]
[Annotator "Ëåáåäåâ Âàñèëèé"]
[PlyCount "36"]
[EventDate "2007.04.03"]

{×åì äàëüøå â ëåñ, òåì çàáàâíåå ïàðòèè. Õîõìû ðàäè «êîììåíòíó» ñëåäóþùèé
øåäåâð.} 1. e4 c5 2. Nf3 a6 3. c4 e6 4. Nc3 b6 5. d4 cxd4 6. Nxd4 Bb7 7. Be2
Qc7 8. O-O Nf6 9. f3 Bd6 10. Kh1 Bf4 {Äåëàÿ ýòîò õîä, ÷¸ðíûå, âèäèìî, õîðîøî
ïðåäñòàâëÿëè ñåáå êàê ñèëó, òàê è ñòèëü ñâîåãî ñîïåðíèêà.} ({Êîíå÷íî, íåëüçÿ} 
10... Bxh2 11. f4 Bg3 12. Qd3 Bh4 13. Qh3) 11. Ndb5 $6 {Ýôôåêòíî, íî âñ¸ ýòî
çàêîí÷èòñÿ áûñòðûì ðàçãðîìîì. À åñëè áû áåëûìè èãðàë êàêîé-íèáóäü
ñóõàðü-òåõíàðü?} ({È ñûãðàë áû îí 1} 11. Bxf4 Qxf4 12. Qb3 {, ê ïðèìåðó...})
11... axb5 12. Nxb5 Qe5 13. Bxf4 Qxf4 14. g3 ({Ïîñëå} 14. Qd6 $1 Qxd6 15. Nxd6+
Ke7 16. Nxb7 Nc6 {è êîíü ðèñêóåò çàáëóäèòñÿ, ...íî âñ¸ æå íàõîäèò äîðîæêó äîìîé:
} 17. Rfd1 Ne8 (17... Rhb8 18. Nd6) 18. c5 Rb8 19. Nd6 bxc5 20. Nc4 Nd4 {
, íî âî âðåìÿ îõîòû çà ñêàêóíîì ÷¸ðíûå ïîëó÷èëè íåêîòîðîå ïðåèìóùåñòâî}) ({
Íåëüçÿ} 14. Nd6+ Ke7 15. Nxb7 Ra7) 14... Qe5 ({À ñåé÷àñ  (ïîñëå} 14... Qe5 {)}
15. Nd6+ {íàòàëêèâàëîñü íà} Ke7 16. Nxb7 Qc7 17. e5 Qxe5 18. Qd2 Qc7) ({
Íå òàê ñèëüíî (ïîñëå} 14... Qe5 {) òåïåðü è} 15. Qd6 Nc6 16. Qxe5 Nxe5 17.
Nd6+ Ke7 18. Nxb7 Rhc8 $1 19. Rfc1 (19. b3 Ng6 $1) 19... Nc6 {
è ò.ä. Â îáùåì, áåëûå äîèãðàëèñü.}) {
Íî îíè â àòàêå, òàê ñêàçàòü, âî âëàñòè âäîõíîâåíèÿ -} 15. f4 $4 Bxe4+ {
Ñûãðàíî ïîïðîùå è ïîíàä¸æíåå, íî «íå âñåãäà âçÿòèå ïåøêè ñ øàõîì ÿâëÿåòñÿ
ëó÷øèì õîäîì» (Ä. Áðîíøòåéí).} ({Ìîæíî (è íóæíî!) áûëî ïîæåðòâîâàòü ôåðçÿ!
Ïðè÷¸ì ñäåëàòü ýòî ìîæíî áûëî äàæå äâóìÿ ñïîñîáàìè:} 15... Nxe4 $1 16. fxe5 ({
èëè} 16. Bf3 Qc5 $19) 16... Nf2+ 17. Kg1 Nh3#) ({Èëè òàê:} 15... Qc5 16. Nd6+ (
16. Bf3 Nxe4) 16... Qxd6 $3 17. Qxd6 Nxe4 $19) 16. Bf3 Qxb2 17. Nc7+ $4 {Óïñ!}
({Ïîñëå} 17. Nd6+ Ke7 18. Nxe4 Nxe4 19. Bxe4 Rxa2 20. Rxa2 Qxa2 21. Qd4 {
ïåðåâåñ ó ÷¸ðíûõ, íî îí åù¸ íå ïîäàâëÿþùèé}) ({
Æäàëà áåëûõ áîðüáà çà íè÷üþ è ïîñëå 1} 17. Bxe4 Nxe4 18. Nc7+ Ke7 19. Nxa8
Nf2+ 20. Rxf2 Qxf2 21. Rb1 h5 22. Nxb6 h4 23. Qg1 hxg3 24. Qxf2 gxf2 25. Rf1 {
è ò.ä. Íî âñ¸ æå ýòî áûëà áû áîðüáà...}) 17... Ke7 18. Nxa8 (18. Bxe4 Rxa2)
18... Ng4 $1 {
Ñèìïàòè÷íàÿ òàêòèêà ïîä çàíàâåñ. Íå ïàðòèÿ, à ñïëîøíîå áàëîâñòâî!} 0-1

[Event "8th EUROPEAN INDIVIDUAL CHESS CHAMPIONSHIP"]
[Site "Dresden/Germany"]
[Date "2007.04.08"]
[Round "6.116"]
[White "Bromberger, Stefan"]
[Black "Espig, Lutz"]
[Result "1-0"]
[WhiteElo "2495"]
[BlackElo "2351"]
[Annotator "Ëåáåäåâ Âàñèëèé"]
[PlyCount "63"]
[EventDate "2007.04.03"]

{Äî ñëåäóþùåé æåì÷óæèíû ïðèøëîñü äîëãî äîáèðàòüñÿ, íî ðåçóëüòàò â èòîãå
ñòîèë âñåõ çàòðà÷åííûõ òðóäîâ.} 1. e4 c5 2. Nf3 e6 3. d4 cxd4 4. Nxd4 a6 5.
Nc3 Qc7 6. Bd3 Nc6 7. Be3 Nf6 8. O-O Ne5 9. h3 Bc5 10. Kh1 d6 11. f4 Nxd3 12.
cxd3 b5 13. Rc1 Qb6 14. Nce2 e5 $2 {
ÍÍÍîâèíêà: Íåóìåñòíî, Íåóäà÷íî, Íå âîâðåìÿ!} ({
Ëþäè èãðàëè è äåëàëè íè÷üþ ïîñëå} 14... O-O {, íàïðèìåð:} 15. Bg1 b4 16. e5
Nd7 17. Qe1 Bb7 18. Qg3 Rac8 19. Rfe1 Bd5 20. Nxe6 fxe6 21. d4 Qb7 22. dxc5
dxc5 23. a3 {(1/2 Kindermann,S (2565) - Cramling,P (2510)/Horgen 1995).}) {
Çà òàêèå, ñ ïîçâîëåíèÿ ñêàçàòü, «íîâèíêè», çà òàêîå íàðóøåíèå âñåõ ïèñàííûõ
è íåïèñàííûõ çàêîíîâ íàäî íàêàçûâàòü è íàêàçûâàòü íå ñòîëüêî æåñòîêî, ñêîëüêî
êðàñèâî. ×åì áåëûå, ñ óäîâîëüñòâèåì, ïîðàçìûøëÿâ, è çàíÿëèñü.} 15. fxe5 dxe5
16. Rxc5 $1 ({Íåïëîõî áûëî} 16. Nxb5 $5 Bxe3 (16... Qxb5 17. Bxc5) (16... Nd7
17. Bxc5 Nxc5 18. d4 $1) 17. Nc7+ Kd8 (17... Ke7 18. Rxf6 $1 $18) 18. Nxa8 Qa7
19. d4 $1 {ñî âñêðûòèåì öåíòðàëüíûõ ëèíèé è áûñòðûì ðàçãðîìîì ïîçèöèè ÷¸ðíûõ.}
({èëè} 19. Rc3) {×òî-òî òèïà ñëåäóþùåãî:} 19... Bxc1 20. dxe5+ Nd7 21. Rxf7
Qxa8 22. e6 Qc6 23. exd7) {Íî, âèäèìî, áåëûå çàðàíåå çàãîòîâèëè êðàñèâåéøèé
19-é õîä. È ÿ íà íèõ çà ýòî ñîâñåì íå â îáèäå!} 16... Qxc5 17. Nf5 Qc6 {
Åäèíñòâåííîå ïðîäîëæåíèå, ñîõðàíÿþùåå èëëþçèþ ñîïðîòèâëåíèÿ.} ({Åñëè} 17...
Qf8 {, òî} 18. Qc2 Bd7 19. Qc7 Bxf5 20. Qc6+) ({Èëè} 17... Qb4 18. Nxg7+ Kf8
19. Qc1 $1 $18) 18. Nxg7+ Kf8 (18... Ke7 19. Bg5 $18) 19. Nd4 $1 {
ßðêèé è ëó÷øèé õîä.} ({Íà «îáû÷íîå»} 19. Bh6 {ñëåäîâàëà áëåñòÿùàÿ çàùèòà:}
Ng4 $3 {è, îêàçûâàåòñÿ, íàäî ñîãëàøàòüñÿ íà íè÷üþ, ÷òîáû íå ñòàëî õóæå:} 20.
Ne6+ Ke8 21. Ng7+ Kf8) ({Ïîñëå æå} 19. Bg5 Ne8 20. Nxe8 Kxe8 21. Bf6 Rg8 22.
Bxe5 Rg5 $5 {òåìï íàñòóïëåíèÿ íåñêîëüêî çàìåäëÿåòñÿ.}) 19... exd4 ({Åñëè} 19...
Qd7 {, òî} 20. Nge6+ $1) 20. Bxd4 Kxg7 {Áûñòðåíüêî ñ÷èòàåì ñîîòíîøåíèå
ìàòåðèàëà: äâå çà äâå. Äâå ôèãóðû çà äâå ïåøêè - íîðìàëüíî. ;)} ({Íà} 20...
Nd7 {ïðîäîëæàëî ïîáåäîíîñíóþ àòàêó} 21. Qd2 $1 ({íî âîçìîæíî è} 21. Qh5) 21...
Rg8 22. Qb4+ ({ïðîùå} 22. Rc1 Qxc1+ 23. Qxc1 Rxg7 24. Qc6) 22... Nc5 23. Bxc5+
Kxg7 24. Bd4+ Kg6 {È ïîñëå} 25. Qe7 $1 {÷¸ðíîìó êîðîëþ íå óáåæàòü}) ({
Â ñëó÷àå} 20... Rg8 21. Rxf6 Qc7 22. Nh5 {
Rybka áîäðèòñÿ, óòâåðæäàÿ, ÷òî ó ÷¸ðíûõ åùå íå ñîâñåì áåçíàä¸æíî. Íó-íó...})
21. Qh5 $6 {Äîñàäíûé ñáîé â àòàêóþùåì ìåõàíèçìå.} ({Ïîñëå} 21. Qd2 $1 {
áåëûå îòûãðûâàëè âñå, ñîõðàíÿÿ è ëèøíþþ ïåøêó, è ñòðàøíóþ àòàêó.} Be6 22.
Bxf6+ Kf8 23. Bxh8 Bxa2 24. Qb4+ Kg8 25. Bc3 {è ò.ä.}) 21... h6 $6 {
À ýòî - óæå çàùèòíàÿ íåòî÷íîñòü.} ({
Ñïàñåíèå íàäî áûëî èñêàòü, îðãàíèçóÿ ïîïûòêó ê áåãñòâó:} 21... Kf8 $1 22. Bxf6
({èëè} 22. Rxf6 Be6 23. Rxe6 Qc1+ $1 {ñ âå÷íûì øàõîì â òîì èëè èíîì âèäå})
22... Rg8 23. Be7+ $1 Kxe7 24. Qxf7+ Kd8 (24... Kd6 25. Rf6+) 25. Qxg8+ Kc7 26.
Qxh7+ {ñ áîëüøîé áîðüáîé.}) 22. Qe5 {
ÊÏÄ áåëûõ ôèãóð ìîæíî òîëüêî ïîçàâèäîâàòü. Ñïàñåíèÿ, ïîõîæå, óæå íåò.} Re8 ({
Åñëè} 22... Qe6 {, òî ïîñëå} 23. Qg3+ Kf8 24. Rxf6 Qe7 {íåîáõîäèìî ïðîÿâèòü
íåìíîãî íàãëîñòè ïðè èãðå áåç ëàäüè, è òîãäà è âñ¸ ó áåëûõ ïîëó÷èòñÿ:} 25. b4
$3 Rg8 (25... Qxb4 26. Qc7 $18) 26. Qf4 Ke8 27. Bc5 Qb7 28. Qe5+ Be6 29. Rxe6+
$1 {Êîíå÷íî æå, áåç æåðòâû íå îáîéòèñü!} fxe6 30. Qxe6+ Kd8 31. Bb6+ {
, è òàêèå äâå ëàäüè ãîðàçäî ñëàáåå áåëîãî ôåðçÿ-êðàñàâöà.}) (22... Qe6) ({
Âñ¸ æå óïîðíåå áûëî} 22... Kf8 $1 23. Rxf6 Be6 {È íàäî æåðòâîâàòü ëàäüþ:} 24.
Rxe6 $1 ({èëè} 24. Bc5+ Ke8 25. Rxe6+ fxe6 26. Qxh8+ Kd7 27. Qh7+ Kc8 28. d4 {
è ò.ä.}) 24... fxe6 25. Qxh8+ Ke7 26. Qg7+ Ke8 27. Qxh6 {è ò.ä.}) 23. Qg3+ Kh7
24. Rxf6 {Ïîñëåäíèé áîëåå-ìåíåå èíòåðåñíûé ìîìåíò â ïàðòèè.} Qxf6 {
Ôåðçÿ ïðèõîäèòñÿ îòäàâàòü,} ({òàê ïëîõî êàê} 24... Qd7 25. Rxh6+ $1 {
ñ áûñòðûì ìàòîì}) ({òàê è} 24... Be6 25. Rxf7+ $1 {
òîæå ñ ìàòîì, íî óæå ñ ìãíîâåííûì.}) {
Îñòàëüíûå õîäû ïàðòèè ëåãêî ïîíÿòíû è íå òðåáóåò êîììåíòàðèÿ.} 25. Bxf6 Rg8 26.
Qf4 Be6 27. d4 Bxa2 28. d5 Rg6 29. h4 h5 30. Qf5 Kh6 31. Bd4 Rf8 32. Bc5 1-0